UBT Library

Plant pathology / (Record no. 47426)

000 -LEADER
fixed length control field 00517nam a2200217 i 4500
001 - CONTROL NUMBER
control field 4627063
005 - DATE AND TIME OF LATEST TRANSACTION
control field 20180903040522.0
008 - FIXED-LENGTH DATA ELEMENTS--GENERAL INFORMATION
fixed length control field 781212s1978 nyua b 001 0 eng
010 ## - LIBRARY OF CONGRESS CONTROL NUMBER
LC control number 78000202
020 ## - INTERNATIONAL STANDARD BOOK NUMBER
International Standard Book Number 0120445603
040 ## - CATALOGING SOURCE
Original cataloging agency DLC
Transcribing agency DLC
Modifying agency DLC
041 ## - LANGUAGE CODE
Language code of text/sound track or separate title eng
080 ## - UNIVERSAL DECIMAL CLASSIFICATION NUMBER
Universal Decimal Classification number 616
082 00 - DEWEY DECIMAL CLASSIFICATION NUMBER
Classification number 616
100 1# - Rafti
Rafti 9
101 ## - Shkurtesa
Shkurtesa pat
245 10 - TITLE STATEMENT
Title Plant pathology /
Statement of responsibility, etc George N. Agrios.
504 ## - BIBLIOGRAPHY, ETC. NOTE
Bibliography, etc Bibliography: p. 669-672.
906 ## - LOCAL DATA ELEMENT F, LDF (RLIN)
a 7
b cbc
c orignew
d 2
e ocip
f 19
g y-gencatlg
942 ## - ADDED ENTRY ELEMENTS (KOHA)
Source of classification or shelving scheme
Item type Books
Holdings
Withdrawn status Lost status Source of classification or shelving scheme Damaged status Not for loan Collection code Permanent location Current location Shelving location Date acquired Total Checkouts Full call number Barcode Date last seen Price effective from Koha item type
          Koleksioni i përgjithshem UBT - Lipjan UBT - Lipjan Koleksioni i përgjithshem 09/03/2018   616 AGR 002-3011869 09/03/2018 09/03/2018 Books
UBT Library © 2015-2024. All rights reserved University Education for Business and Technology